| 000 | 00619nam a2200193Ia 4500 | ||
|---|---|---|---|
| 003 | IN-BaIIA | ||
| 008 | 211028s9999 xx 000 0 eng d | ||
| 040 | _cIIA Library | ||
| 080 |
_a083.7:53.081.1:62 _bISI |
||
| 110 | _aIndian Standards Institution | ||
| 245 | 0 |
_aIndian standard equivalent metric units for quantities in mechanical engineering _cIndian Standards Institution |
|
| 260 |
_aNew Delhi _bIndian Standards Institution _c1962 |
||
| 300 | _a18p. | ||
| 500 | _aIS 1926 : 1961 | ||
| 650 |
_a Mechanical Engineering-Standards _99146 |
||
| 650 | _a Standards | ||
| 650 | _aNASA Thesaurus | ||
| 942 | _cBK | ||
| 999 |
_c5160 _d5160 |
||